Làm giàu vốn từ của bạn theo cách hiệu quả nhất; T2 = Boost your vocabulary; T2

Αποθηκεύτηκε σε:
Λεπτομέρειες βιβλιογραφικής εγγραφής
Κύριος συγγραφέας: Chris Barker
Μορφή: Βιβλίο
Γλώσσα:Undetermined
Έκδοση: Tp. HCM Tp. HCM 2002
Θέματα:
Ετικέτες: Προσθήκη ετικέτας
Δεν υπάρχουν, Καταχωρήστε ετικέτα πρώτοι!
Thư viện lưu trữ: Trung tâm Học liệu Trường Đại học Cần Thơ
LEADER 00550nam a2200193Ia 4500
001 CTU_54632
008 210402s9999 xx 000 0 und d
020 |b 16000 
082 |a 428.1 
082 |b B255/T1 
100 |a Chris Barker 
245 0 |a Làm giàu vốn từ của bạn theo cách hiệu quả nhất; T2 
245 0 |b = Boost your vocabulary; T2 
260 |a Tp. HCM 
260 |b Tp. HCM 
260 |c 2002 
650 |a english language 
650 |x vocabulary 
980 |a Trung tâm Học liệu Trường Đại học Cần Thơ